Sexo y fe : lecturas antropológicas de creencias sexuales y prácticas religiosas /

Bibliographic Details
Corporate Author: Creencias Sexuales, Prácticas Religiosas: Perspectivas Cruzadas (Conference) Mexico City, Mexico)
Other Authors: Karadimas, Dimitri (Editor), Tinat, Karine (Editor)
Format: Electronic Conference Proceeding eBook
Language:Spanish
Published: México, D.F. : El Colegio de México, 2014.
Edition:Primera edición electrónica.
Subjects:
Online Access:Digitalia Hispánica

MARC

LEADER 00000nam a2200000Ii 4500
001 DIGCOLMX0352
003 NyNyDIG
007 cr |||||||||||
008 220207s2014 mx a ob 100 0 spa d
006 m o d
035 |a (OCoLC)911496056 
040 |a DGITA  |b eng  |e rda  |e pn  |c DGITA 
020 |a 9786074627541  |q eBook 
020 |z 9786074625950 
050 1 4 |a BL65.S4 ebook 
082 1 4 |a 202.12 
111 2 |a Creencias Sexuales, Prácticas Religiosas: Perspectivas Cruzadas (Conference)  |d (2009 :  |c Mexico City, Mexico),  |j author. 
245 1 0 |a Sexo y fe :  |b lecturas antropológicas de creencias sexuales y prácticas religiosas /  |c Dimitri Karadimas, Karine Tinat, coordinadores. 
250 |a Primera edición electrónica. 
264 1 |a México, D.F. :  |b El Colegio de México,  |c 2014. 
300 |a 1 online resource :  |b illustrations. 
336 |a text  |b txt  |2 rdacontent 
337 |a computer  |b c  |2 rdamedia 
338 |a online resource  |b cr  |2 rdacarrier 
347 |a text file  |2 rdaft 
347 |b EPUB 
500 |a "Centro de Estudios Sociológicos, Programa Interdisciplinario de Estudios de la Mujer." 
504 |a Includes bibliographical references. 
588 0 |a Online resource; title from ePub title page (Digitalia, viewed February 7, 2021) 
650 0 |a Sex  |x Religious aspects  |v Congresses. 
650 0 |a Sex  |x Anthropological aspects  |v Congresses. 
655 0 |a Electronic books. 
700 1 |a Karadimas, Dimitri,  |e editor. 
700 1 |a Tinat, Karine,  |e editor. 
791 2 |a Digitalia (Firm),  |e distributor. 
793 0 |g Digitalia eBook Collection:  |a El Colegio de México 
776 0 8 |i Print version:  |a Creencias Sexuales, Prácticas Religiosas: Perspectivas Cruzadas (Conference) (2009 : Mexico City, Mexico).  |t Sexo y fe.  |b Primera edición.  |d México, D.F. : El Colegio de México, 2014  |z 9786074625950 
856 4 0 |3 Digitalia Hispánica  |u https://www.digitaliapublishing.com/a/105713/ 
910 |a Premium collection: 2022